000 00266nam a2200109Ia 4500
001 1287672
005 20260417164420.0
008 260417s9999 xx 000 0 und d
020 _a9786256402928
245 0 _aŞampiyon 2 – Rock’n Roll
260 _bDokuz Çocuk
999 _c1287672
_d1287672